[Event "Challenge"]
[Site "http://www.queenalice.com/game.php?id=179434"]
[Date "2007.3.10"]
[Round "-"]
[White "dasch2007"]
[Black "Gustavo14deltablon"]
[Result "1-0"]
[WhiteElo "1663"]
[BlackElo "1616"]

1. e3 e5 2. d4 exd4 3. exd4 d5 4. Nc3 Nf6 5. Bb5+ c6 6. Qe2+ Be7 7. Bd3 O-O 8.
Bf4 Re8 9. O-O-O Bb4 10. Qd2 b5 11. Nf3 a5 12. Be5 Nbd7 13. Bg3 Qb6 14. a3 Bxc3
15. bxc3 Ne4 16. Qe3 Ndf6 17. Ne5 Nxc3 18. Rde1 b4 19. Qd2 Nfe4 20. Bxe4 Nxe4
21. Qe3 bxa3 22. Qxa3 f6 23. Nf3 Qb4 24. Qd3 Ba6 25. Qe3 Nxg3 26. Qxe8+ Rxe8 27.
Rxe8+ Kf7 28. Rhe1 Nf5 29. g4 Nxd4 30. Nh4 g5 31. Nf5 Nxf5 32. gxf5 Qf4+ 33. Kd1
Qxf5 34. R1e7+ Kg6 35. Rg8+ Kh5 36. Ra8 Qf3+ 37. Ke1 1-0

[Event "Challenge"]
[Site "http://www.queenalice.com/game.php?id=179436"]
[Date "2007.3.10"]
[Round "-"]
[White "dasch2007"]
[Black "mecking"]
[Result "1-0"]
[WhiteElo "1677"]
[BlackElo "1798"]

1. e3 c5 2. d4 e6 3. d5 d6 4. Nc3 Nf6 5. Bb5+ Nbd7 6. Nf3 a6 7. Be2 Nb6 8. e4
Be7 9. O-O O-O 10. Ng5 h6 11. Nh3 exd5 12. exd5 Bxh3 13. gxh3 Qd7 14. Qd3 c4 15.
Qd4 Qc7 16. Be3 Nfd7 17. Ne4 Rac8 18. Rad1 Bd8 19. Bf4 Be7 20. Kh1 Nf6 21. Rg1
Kh7 22. Nc3 Ne8 23. Qe4+ Kh8 24. Bh5 Nf6 25. Qf3 Rce8 26. h4 Nbd7 27. Bg4 Nxg4
28. Qxg4 Bf6 29. Ne2 Bxb2 30. Ng3 Nf6 31. Qf3 Qd7 32. Nh5 Nxh5 33. Qxh5 Qe7 34.
Qg4 b5 35. Be3 Qe4+ 36. Rg2 f5 37. Qf4 1-0

[Event "Challenge"]
[Site "http://www.queenalice.com/game.php?id=182228"]
[Date "2007.3.15"]
[Round "-"]
[White "ALMOVE"]
[Black "dasch2007"]
[Result "1-0"]
[WhiteElo "1504"]
[BlackElo "1555"]

1. Nf3 d5 2. d4 Nc6 3. e3 f6 4. Bb5 e5 5. Bxc6+ bxc6 6. dxe5 f5 7. O-O c5 8. Nc3
Ba6 9. Re1 c6 10. Bd2 d4 11. exd4 cxd4 12. Nxd4 Qxd4 13. Qf3 Ne7 14. Bg5 O-O-O
15. Bxe7 Bxe7 16. Qxc6+ Kb8 17. Qxa6 f4 18. Qe6 Bc5 19. Rf1 Rhe8 20. Qg4 Qxe5
21. a3 Rf8 22. Rae1 Qd4 23. Rd1 Qc4 24. Qf3 g5 25. b3 Qe6 26. Ne4 Be7 27. Rde1
Qd7 28. Qh5 Qf5 29. b4 Rc8 30. Nc5 Bxc5 31. bxc5 Rxc5 32. Re7 Qxc2 33. h3 Rcf5
34. Qxh7 f3 35. Rb7+ Ka8 36. Rxa7+ Kb8 37. Qb7# 1-0

[Event "Challenge"]
[Site "http://www.queenalice.com/game.php?id=183358"]
[Date "2007.3.17"]
[Round "-"]
[White "lolothebest"]
[Black "dasch2007"]
[Result "0-1"]
[WhiteElo "1516"]
[BlackElo "1634"]

1. Nf3 d5 2. c3 Nf6 3. b4 e6 4. e3 Ne4 5. Ne5 Qf6 6. Nf3 Be7 7. Qe2 O-O 8. d3
Nxc3 9. Qc2 Nb5 10. Bb2 Bxb4+ 11. Bc3 Nxc3 12. Nfd2 c5 13. a3 Ba5 14. Nxc3 Bxc3
15. Rb1 Bxd2+ 16. Qxd2 d4 17. exd4 cxd4 18. Rxb7 Bxb7 19. Qe2 Nc6 20. f3 Rab8
21. h4 Ba6 22. h5 Ne5 23. Qe4 Rb1+ 24. Kf2 Nxd3+ 25. Kg3 Qg5+ 26. Kh2 Rd1 27.
Qxd4 e5 28. Qd6 Bc4 29. Bxd3 Rxd3 30. Qc5 Qh4+ 31. Kg1 Rd1# 0-1

[Event "Challenge"]
[Site "http://www.queenalice.com/game.php?id=183923"]
[Date "2007.3.18"]
[Round "-"]
[White "QueenMary23"]
[Black "dasch2007"]
[Result "0-1"]
[WhiteElo "1454"]
[BlackElo "1593"]

1. c4 Nc6 2. d4 d6 3. e4 e5 4. d5 Nd4 5. b4 Nf6 6. Nc3 Bg4 7. f3 Bh5 8. g4 Bg6
9. Nge2 Nxe2 10. Bxe2 Be7 11. h4 h5 12. g5 Nd7 13. Be3 f6 14. gxf6 Bxf6 15. Rg1
Bf7 16. f4 Bxh4+ 17. Kd2 exf4 18. Bxf4 Qf6 19. Rf1 Qe7 20. c5 dxc5 21. Nb5 O-O
22. d6 Qxe4 23. Qc2 Qd5+ 24. Qd3 Qg2 25. Qf5 Nf6 26. d7 Rad8 27. Nxc7 Rxd7+ 28.
Ke3 Nd5+ 29. Nxd5 Rxd5 30. Rg1 Qf2+ 31. Ke4 Qxe2+ 32. Be3 Rxf5 33. Kxf5 Qxe3 34.
Raf1 Be8# 0-1

[Event "Challenge"]
[Site "http://www.queenalice.com/game.php?id=188282"]
[Date "2007.3.27"]
[Round "-"]
[White "dasch2007"]
[Black "MilkyWay"]
[Result "1-0"]
[WhiteElo "1603"]
[BlackElo "1774"]

1. e4 c5 2. e5 Nc6 3. Nf3 g6 4. d4 cxd4 5. Nxd4 Bg7 6. f4 e6 7. g3 Nge7 8. Nc3
Nxd4 9. Qxd4 O-O 10. Be3 Qc7 11. O-O-O 1-0

[Event "Challenge"]
[Site "http://www.queenalice.com/game.php?id=188289"]
[Date "2007.3.27"]
[Round "-"]
[White "dasch2007"]
[Black "hugo10"]
[Result "1-0"]
[WhiteElo "1626"]
[BlackElo "1429"]

1. e4 e5 2. Nf3 Nc6 3. c3 Nf6 4. d3 Nb8 5. Nxe5 d6 6. Qa4+ c6 7. Nc4 d5 8. Ne3
b5 9. Qd4 Na6 10. e5 c5 11. Qf4 Nh5 12. Qf3 d4 13. Qxa8 dxe3 14. Bxe3 Be7 15.
Qxa7 c4 16. d4 f6 17. e6 Bxe6 18. Qxa6 Bf5 19. Qxb5+ Bd7 20. Qxh5+ g6 21. Qh4 f5
22. Qh6 Bf6 23. Bxc4 Qe7 24. d5 f4 25. Qxf4 g5 26. Qb8+ Kf7 27. Qxh8 Bxh8 28.
d6+ Qe6 29. Bxe6+ Bxe6 30. O-O g4 31. Bf4 Ke8 32. Re1 Kd7 33. c4 Bxc4 34. Re7+
Kd8 35. Nd2 Bf6 36. Rxh7 Bxb2 37. Rb1 Bd3 38. Re1 Bxh7 39. Bg5+ Kd7 40. Nc4 Bd3
41. Re7+ Kc6 42. d7 Kc7 43. Nxb2 Be4 44. Nc4 Bd5 45. Ne5 Kd6 46. d8=Q+ Kc5 47.
Be3+ Kb5 48. Qxd5+ Kb4 49. Bd2+ Ka4 50. Qb3# 1-0

[Event "Challenge"]
[Site "http://www.queenalice.com/game.php?id=190053"]
[Date "2007.3.31"]
[Round "-"]
[White "dasch2007"]
[Black "technicaldraw"]
[Result "0-1"]
[WhiteElo "1665"]
[BlackElo "2088"]

1. Nf3 Nf6 2. e3 d5 3. d3 c5 4. c3 Nc6 5. d4 Bg4 6. dxc5 e5 7. Qc2 Bxc5 8. Be2
e4 9. Nd4 Bxd4 10. exd4 Bxe2 11. Qxe2 h6 12. O-O O-O 13. Be3 Qd7 14. Nd2 Nh7 15.
c4 Rfe8 16. cxd5 Qxd5 17. b3 Nxd4 18. Bxd4 Qxd4 19. Nc4 Nf6 20. Rad1 Qc5 21.
Rde1 Rad8 22. Qc2 b5 23. Ne3 Qxc2 24. Nxc2 Rd2 25. Nb4 a5 26. Nc6 Rxa2 27. Re3
a4 28. Nd4 a3 29. b4 Rb8 30. h4 Nd5 31. Rxe4 Nxb4 32. Ne2 Nd3 33. Nc3 Rc2 34.
Nb1 a2 35. Na3 Rxf2 36. Ra1 Rb2 37. Rd4 b4 38. Nc4 Rb1+ 39. Rxb1 axb1=Q+ 40. Kh2
Qf1 41. Ne3 Qf2 42. Rxd3 Qxh4+ 43. Kg1 b3 44. Nf5 Qe1+ 45. Kh2 b2 46. Re3 Qxe3
47. Nxe3 b1=Q 48. Kh3 Rb3 49. g4 Rxe3+ 50. Kh4 Qh1# 0-1

[Event "Challenge"]
[Site "http://www.queenalice.com/game.php?id=198278"]
[Date "2007.4.17"]
[Round "-"]
[White "Kronista"]
[Black "dasch2007"]
[Result "1-0"]
[WhiteElo "1740"]
[BlackElo "1703"]

1. e4 Nc6 2. Nc3 Nf6 3. Bb5 d6 4. d3 e5 5. Nge2 Bd7 6. f4 Nd4 7. Bxd7+ Qxd7 8.
O-O d5 9. fxe5 Nxe2+ 10. Qxe2 Bc5+ 11. Be3 d4 12. exf6 dxe3 13. fxg7 Rg8 14. Nd5
Qc6 15. Nf6+ Ke7 16. Nxg8+ Rxg8 17. c3 Qh6 18. Rf3 f6 19. d4 Bd6 20. Rxe3 Qxh2+
21. Kf2 Rxg7 22. Rg1 Kd8 23. Kf1 Qf4+ 24. Rf3 1-0

[Event "Challenge"]
[Site "http://www.queenalice.com/game.php?id=198711"]
[Date "2007.4.18"]
[Round "-"]
[White "rupam"]
[Black "dasch2007"]
[Result "1/2-1/2"]
[WhiteElo "1522"]
[BlackElo "1645"]

1. e3 e5 2. Nf3 e4 3. Nd4 c5 4. Nf5 Nf6 5. c4 Qc7 6. d3 Qa5+ 7. Bd2 Qb6 8. Bc3
Qe6 9. Ng3 Nc6 10. Nd2 exd3 11. Bxd3 d5 12. O-O Ne5 13. Be2 dxc4 14. Bxe5 Qxe5
15. Nxc4 Qe6 16. Qc2 b6 17. Rad1 Qc6 18. a4 Be7 19. Bf3 Qc7 20. Bxa8 Bb7 21.
Bxb7 Qxb7 22. b3 O-O 23. Rd3 Ne4 24. Qd1 a6 25. Rd7 Qxd7 1/2-1/2

[Event "Alsatian Counterattack"]
[Site "http://www.queenalice.com/game.php?id=198825"]
[Date "2007.4.18"]
[Round "-"]
[White "saraquette"]
[Black "dasch2007"]
[Result "0-1"]
[WhiteElo "1791"]
[BlackElo "1681"]

1. d4 d6 2. Nf3 Nf6 3. h3 d5 4. Bf4 e6 5. a3 Bd6 6. Bg5 O-O 7. e3 Be7 8. c4 c6
9. c5 Ne4 10. Bf4 b6 11. b4 bxc5 12. dxc5 Nd7 13. Bd3 Bf6 14. Ra2 Bc3+ 15. Nbd2
Bxd2+ 16. Nxd2 Nc3 17. Qc2 Nxa2 18. Qxa2 e5 19. Bg3 e4 20. Be2 Qf6 21. O-O Ne5
22. Qa1 Re8 23. f4 Nd7 24. Qe1 d4 25. Bh4 Qf5 26. Bg4 Qd5 27. Bf2 Ba6 28. Be2 d3
29. Bd1 Rab8 30. Bb3 Qf5 31. g4 Qg6 32. Bg3 Qf6 33. f5 Rb7 34. Bd6 h6 35. h4 Qb2
36. Qc1 Qf6 37. Qe1 Bb5 38. Nxe4 Rxe4 39. Qg3 Qb2 40. Qf3 Qxb3 41. Qxe4 d2 42.
Rb1 d1=Q+ 43. Rxd1 Qxd1+ 44. Kf2 Nf6 45. Qf3 Qc2+ 46. Kg3 Ne4+ 47. Kf4 Nxd6 0-1

[Event "Challenge"]
[Site "http://www.queenalice.com/game.php?id=200246"]
[Date "2007.4.21"]
[Round "-"]
[White "CaptainJester"]
[Black "dasch2007"]
[Result "0-1"]
[WhiteElo "1655"]
[BlackElo "1655"]

1. e4 Nf6 2. Nc3 d6 3. Nf3 Nc6 4. d4 e5 5. dxe5 dxe5 6. Qxd8+ Nxd8 7. Nxe5 c6 8.
Bc4 Bd6 9. Nf3 Ng4 10. h3 Ne5 11. Nxe5 Bxe5 12. Bd2 O-O 13. O-O b5 14. Be2 Ne6
15. g3 b4 16. Na4 c5 17. Be3 Bd4 18. Bxd4 Nxd4 19. Bd3 Bxh3 20. Rfd1 Bg4 21. Rf1
Rac8 22. Bc4 Rc6 23. Kg2 Rh6 24. f3 Bh3+ 25. Kf2 Bxf1 0-1

[Event "Challenge"]
[Site "http://www.queenalice.com/game.php?id=200967"]
[Date "2007.4.22"]
[Round "-"]
[White "dasch2007"]
[Black "kleopatra"]
[Result "0-1"]
[WhiteElo "1669"]
[BlackElo "1895"]

1. Nc3 c5 2. Ne4 d6 3. e3 a6 4. d4 cxd4 5. exd4 d5 6. Nc3 e6 7. Nf3 h6 8. Bd3
Nc6 9. O-O Nf6 10. a3 Bd6 11. b4 O-O 12. b5 axb5 13. Nxb5 Qe7 14. c4 b6 15. Bb2
Rd8 16. Qc2 Ba6 17. cxd5 Nxd5 18. Qxc6 Rac8 19. Qxb6 Nxb6 0-1

[Event "Challenge"]
[Site "http://www.queenalice.com/game.php?id=200968"]
[Date "2007.4.22"]
[Round "-"]
[White "kleopatra"]
[Black "dasch2007"]
[Result "1-0"]
[WhiteElo "1898"]
[BlackElo "1663"]

1. d4 Nc6 2. e4 d6 3. Nc3 Nf6 4. h3 e5 5. d5 Nb4 6. a3 Na6 7. Bg5 Be7 8. Nf3 Nc5
9. Bd3 Nxd3+ 10. Qxd3 O-O 11. O-O-O 1-0

[Event "Challenge"]
[Site "http://www.queenalice.com/game.php?id=201945"]
[Date "2007.4.24"]
[Round "-"]
[White "dasch2007"]
[Black "holandes"]
[Result "0-1"]
[WhiteElo "1688"]
[BlackElo "1607"]

1. e4 e5 2. Nf3 Nc6 3. Bc4 h6 4. O-O a6 5. d4 d6 6. d5 Nce7 7. Nc3 b5 8. Be2 c6
9. Be3 c5 10. a3 Ng6 11. b3 Nf6 12. Qb1 Qd7 13. Bd3 h5 14. h4 Be7 15. Qd1 Ng4
16. Bd2 Bxh4 17. Nxh4 Nxh4 18. Qe2 g6 19. Bg5 f5 20. Bxh4 f4 21. f3 Ne3 22. Rfe1
Rg8 23. Bg5 Bb7 24. Nd1 Nxd1 25. Qxd1 Qc7 26. c4 b4 27. a4 a5 28. Qe2 Bc8 29.
Qf2 Rg7 30. g3 Qf7 31. Qh2 fxg3 32. Qxg3 Ra7 0-1

[Event "Challenge"]
[Site "http://www.queenalice.com/game.php?id=201947"]
[Date "2007.4.24"]
[Round "-"]
[White "hugo10"]
[Black "dasch2007"]
[Result "0-1"]
[WhiteElo "1483"]
[BlackElo "1656"]

1. e4 e5 2. Nf3 Nc6 3. Bc4 Nf6 4. Ng5 d5 5. exd5 Nxd5 6. Qf3 Qxg5 7. Bxd5 Qe7 8.
b3 Qd7 9. d4 Bb4+ 10. c3 Bd6 11. Qg3 exd4 12. Qxg7 Be5 13. Qg5 Qxd5 14. Nd2 dxc3
15. Nf3 Qe4+ 16. Be3 c2 17. Rc1 Bc3+ 18. Nd2 Qd3 19. h4 h6 20. Qf4 Bb2 21. Qc4
Qxc4 22. Nxc4 Bxc1 23. Bxc1 Nd4 24. Rh3 Bxh3 25. gxh3 O-O-O 26. Bb2 Rhe8+ 27.
Kf1 Ne2 28. Kg2 Rd1 29. Ne3 c1=Q 30. Bxc1 Nxc1 31. Nxd1 Nxa2 32. Kg3 a5 33. f4
Nc1 34. Nb2 Nxb3 35. Nc4 a4 36. Kg4 b5 37. Na3 c6 38. Kh5 Rh8 39. Kg4 Nd2 40.
Kf5 b4 41. Nc2 b3 42. Na3 b2 43. Kf6 b1=Q 44. Nxb1 Nxb1 45. Kxf7 h5 46. f5 a3
47. f6 a2 48. Ke7 a1=Q 49. f7 Qa3+ 50. Kf6 Qd6+ 51. Kg7 Qh6# 0-1

[Event "Challenge"]
[Site "http://www.queenalice.com/game.php?id=205725"]
[Date "2007.5.4"]
[Round "-"]
[White "dasch2007"]
[Black "SmartPatzer"]
[Result "0-1"]
[WhiteElo "1698"]
[BlackElo "1682"]

1. c4 c6 2. d4 d5 3. cxd5 cxd5 4. Qa4+ Nc6 5. e3 a6 6. Nf3 Bg4 7. Ne5 Bd7 8. Nc3
b5 9. Qc2 Nxe5 10. dxe5 e6 11. a3 Nh6 12. e4 d4 13. Ne2 Bc8 14. Ng3 g6 15. Bd3
Bg7 16. Bg5 Qxg5 17. Qc6+ Bd7 18. Qxa8+ Ke7 19. Qxa6 Qxe5 20. O-O Ng4 21. Qb7
Nf6 22. a4 bxa4 23. Rxa4 Rb8 24. Qa7 Rxb2 25. Rxd4 Rb7 26. Qxb7 Qxd4 27. Be2 h5
28. Rd1 Qa4 29. e5 Nd5 30. Qb8 Nc3 31. Qd6+ Ke8 32. Rd4 Nxe2+ 33. Nxe2 Bxe5 34.
Qxe5 Qa1+ 0-1